Missing Word: High School Movies A-Z Quiz Stats

Quiz Updated Sep 18, 2015

Challenge
Share
Tweet
Embed
Score 0/26 Timer 03:00
0 Plays Today
Hint Answer % Correct
____ PieAmerican
99%
10 Things I Hate About ____You
98.1%
Bring ____ OnIt
97.8%
Confessions of a Teenage Drama ____Queen
97.6%
____ Poets SocietyDead
97.1%
Ferris Bueller's Day ____Off
97%
Back to the ____Future
95.8%
____ One of the GuysJust
95.4%
____ Buy Me LoveCan't
95.1%
To Sir, with ____Love
94.1%
____ Candles Sixteen
92.6%
She's All ____That
92.5%
Can't Hardly ____Wait
91.5%
Hint Answer % Correct
The ____ KidKarate
91.4%
The ____ ClubBreakfast
90.8%
____ DynamiteNapoleon
89%
____ Sue Got MarriedPeggy
87.4%
Project ____X
87%
Fast Times at ____ HighRidgemont
85.2%
____ GirlsMean
83.7%
____ AEasy
76.2%
The ____ SuicidesVirgin
67.6%
____ HighZombie
24.6%
The ____ BoysHistory
5.6%
So ____Undercover
3.5%
____ GirlGregory's
3.4%

Today's Daily Dose

Missing Word
Jazz Songs 'C'

On This Day
January 18th

You're not logged in!

Compare scores with friends on all Sporcle quizzes.
Sign Up with Email
OR
Log In

You Might Also Like...

Show Comments

Extras

Top Quizzes Today


Score Distribution

Your Account Isn't Verified!

In order to create a playlist on Sporcle, you need to verify the email address you used during registration. Go to your Sporcle Settings to finish the process.